Score 0/16 Timer 04:00
1 Play Today
Assertions about DHMO: True or False? T or F % Correct
Significant levels of DHMO were found in the aftermath of the 2004 Indian Ocean tsunami.???
91.8%
The recent CIA torture report listed DHMO as a chemical used in a torture method.???
91.6%
If it contaminates electrical systems, DHMO can cause short-circuiting.???
91.2%
The official autopsy of John F. Kennedy showed that he had DHMO in his body prior to his death.???
91.2%
Exposure to DHMO can decrease the effectiveness of automobile brakes dramatically.???
90.9%
DHMO is often associated with killer storms in the southern United States.???
90.9%
DHMO leads to the corrosion of many metals.???
90.7%
DHMO is found in commercial oven-cleaning products.???
90.4%
Assertions about DHMO: True or False? T or F % Correct
DHMO is a contributor to the greenhouse effect.???
90.2%
DHMO leads to soil erosion.???
88.8%
Many Tour de France cyclists have been found using DHMO to enhance performance.???
88.7%
DHMO is a major component of acid rain.???
87.1%
Prolonged exposure to DHMO as a solid causes severe tissue damage.???
86.3%
DHMO as a gas can cause major burns.???
83.6%
Accidental inhalation of DHMO (even in small quantities) can be fatal.???
77.2%
Most leading chemists consider DHMO to be a significant threat to human health if we continue to use it in foodstuffs.???
49.1%
Remove Ads.
Support Sporcle.
Get the best of Sporcle when you Go Orange. This ad-free experience offers more features, more stats, and more fun while also helping to support Sporcle. Thank you for becoming a member.

You're not logged in!

Compare scores with friends on all Sporcle quizzes.
OR
Log In

Show Comments

Extras

Top Quizzes Today


Score Distribution

Your Account Isn't Verified!

In order to create a playlist on Sporcle, you need to verify the email address you used during registration. Go to your Sporcle Settings to finish the process.

Report this User

Report this user for behavior that violates our Community Guidelines.

Details: